000 00980cam a2200349 4500
008 090401t1999 xxu||||| |||| 00| 0 eng d
020 _a1857120795
035 _a(Sirsi) u91633
041 _aeng
050 _a657.73
110 _aAccounting Standards Board
_93454
240 _aFRS 15
245 _aTangible fixed assets.
260 _aMilton Keynes
_bASB Publications
_c1999
300 _a96p.
_c 21cm.
350 _a9
490 _aASB Financial Reporting Standard
_v15
520 _aReprints RICS Definitions from the RICS Appraisal and Valuation Manual (the Red Book).
650 _aACCOUNTANCY
650 _aACCOUNTING STANDARDS
650 _aDEPRECIATION
650 _aFIXED ASSETS
650 _aFRED 15
650 _aRICS APPRAISAL AND VALUATION MANUAL
650 _aSSAP 12
650 _aSSAP 19
650 _aValuation
_96273
650 _aFRS15
690 _aPROPERTY-PROPERTY FINANCE AND INVESTMENT
942 _n0
948 _c26/02/1999
999 _c97658
_d97658